How a Sufi Found His Lord (Record no. 888)

MARC details
000 -LEADER
fixed length control field 00621nam a2200241 a 4500
020 ## - INTERNATIONAL STANDARD BOOK NUMBER
ISBN
082 00 - DEWEY DECIMAL CLASSIFICATION NUMBER
Classification number 201
Author Cutter SUB
100 ## - MAIN ENTRY--AUTHOR NAME
Author name Subhan, John A
245 ## - TITLE STATEMENT
Title How a Sufi Found His Lord
Sub title an Autobiography of John a Subhan
260 ## - PUBLICATION, DISTRIBUTION, ETC. (IMPRINT)
Place of publication Lucknow
Name of publisher Lucknow Publishing House
Year of publication 1952
300 ## - PHYSICAL DESCRIPTION
Number of Pages 107p
500 ## - GENERAL NOTE
General note includes index and biblioraphy
505 2# - FORMATTED CONTENTS NOTE
Formatted contents note Index
650 ## - SUBJECT ADDED ENTRY--TOPICAL TERM
Topical Term Subhan, John.A-Autobiography
942 ## - ADDED ENTRY ELEMENTS (KOHA)
Koha item type Books
700 1# -
-- Subhan, John A
Holdings
Home library Current library Date acquired Cost, normal purchase price Full call number Accession Number Koha item type
Henry Martyn Institute Library Henry Martyn Institute Library 04/11/2018 100.00 201 SUB 00739 Books
Henry Martyn Institute Library Henry Martyn Institute Library 04/11/2018 100.00 201 SUB 01077 Books
Henry Martyn Institute Library Henry Martyn Institute Library 04/11/2018 100.00 201 SUB 01449 Books
Henry Martyn Institute Library Henry Martyn Institute Library 04/11/2018 100.00 201 SUB 01450 E-Books
Henry Martyn Institute Library Henry Martyn Institute Library 04/11/2018 100.00 201 SUB 09347 Books
                   Copyright © 2026 | Henry Martyn Institute | Hyderabad | TS-500052 | INDIA | Implemented by hmi.edu.in
Hit-Count:

Powered by Koha